Statistics for Countries starting with N quiz

Click here to take the quiz!

General Stats

  • This quiz has been taken 43 times
  • The average score is 8 of 10

Answer Stats

Country (starts with N)% Correct
Norway
95%
Niger
90%
Nigeria
88%
Namibia
85%
North Macedonia
83%
Nicaragua
80%
Netherlands
76%
Nauru
73%
New Zealand
73%
Nepal
63%

Score Distribution

Percentile by Number Answered

Percent of People with Each Score

Your Score History

You have not taken this quiz